000 00300nam a22001337a 4500
008 170323b xxu||||| |||| 00| 0 eng d
020 _a9781555810764
041 _aeng
080 _a616.9
100 _a8
101 _aSHM
245 _aHIV AND THE PATHOGENESIS OF AIDS
_cLEVY.J.A
942 _2udc
_cBK
999 _c8427
_d8427